| 000 | 00682nam a2200133Ia 4500 | ||
|---|---|---|---|
| 008 | 171212s9999 xx 000 0 und d | ||
| 020 | _a9780870818851 | ||
| 100 | _aBrennan, Mary | ||
| 245 |
_cBrennan, Mary _aWives, Mothers, and the Red Menace _bConservative Women and the Crusade against Communism |
||
| 260 |
_bUniversity Press of Colorado _c2008 |
||
| 650 | _aHistory | ||
| 650 | _aWomen conservatives -- United States -- History; Conservatism -- United States -- History; Communism -- United States -- Prevention; United States -- Politics and government -- 20th century; United States -- Social life and customs -- 20th century | ||
| 856 | _uhttp://jstor.org/stable/j.ctt1d8h9s3 | ||
| 999 |
_c353202 _d353202 |
||